000 03333nam a2200421 4500
003 CHAP
005 20240130141827.0
007 ta
008 231020s2019 sp ao|||r|||| 001 0 sp d
020 _a978-84-200-1193-6
040 _aZ
_cCHAP
_erda
082 0 0 _a636.39089
_bM38 2019
_220
100 1 _973080
_aMatthews, John
_eautor
245 0 0 _aEnfermedades de la cabra /
_cJohn G. Matthews; traducción Jesús García Sánchez
250 _aSegunda edición
264 1 _aZaragoza, España:
_bAcribia,
_c2019
300 _axi, 492 páginas:
_bilustraciones, fotografías
336 _2rdacontent
_atexto
_btxt
337 _2rdamedia
_asin medio
_bn
338 _2rdacarrier
_avolumen
_bnc
500 _aej.1: consumo
505 0 _gCapítulo 1. Infertilidad de la hembra.-- Capítulo 2. Aborto.-- Capítulo 3. Infertilidad del macho.-- Capítulo 4. La cabra en el periodo del periparto.-- 5. Cabritos débiles.-- 6. Crecimiento inadecuado.-- Capítulo 7. Cojeras en las cabras adultas.-- Capítulo 8. Cojeras en cabritos.-- Capítulo 9. Pérdida crónica de peso.-- Capítulo 10. Abultamientos externos.-- Capítulo 11. Procesos de la piel.-- Capítulo12. Enfermedades nerviosas.-- Capítulo 13. Enfermedades de la glándula mamaria.-- Capítulo 14. Diarrea.-- Capítulo 15. Cólico.-- Capítulo 16. Distensión abdominal.-- Capítulo 17. Enfermedades respiratorias.-- Capítulo 18. Anemia.-- Capítulo 19. Muerte súbita, examen post mortem y eutanasia.-- Capítulo 20. Enfermedades de los ojos.-- Capítulo 21. Intoxicación por plantas.-- Capitulo 22. La cabra geriátrica.-- Capítulo 23. Sanidad y bioseguridad de la explotación.-- Anestesia.-- Capítulo 25. Desbotonado y descornado.-- Capítulo 26. Técnicas quirúrgicas
520 _aEsta nueva edición de enfermedades de la cabra presenta numerosas actualizaciones y revisiones y constituye la herramienta ideal para el veterinario encargado del tratamiento de cabras. Este manual conciso y altamente práctico aborda todos los aspectos de la medicina caprina, desde la valoración y el examen inicial hasta el diagnóstico, el tratamiento y el control de cualquier enfermedad. Nuevo en esta edición: - Aporta información sobre predadores, eutanasia, técnica de necropsia y resolución de fracturas. - Recoge la última información sobre diversas enfermedades exóticas y sobre su diseminación geográfica en años recientes, incluyendo los brotes de tuberculosis y otras enfermedades previamente no observadas de las cabras domésticas. - Incluye una mayor cobertura de numerosos temas de interés para una audiencia internacional, especialmente en relación con plantas tóxicas. Compactada, práctica y totalmente actualizada, esta nueva edición de enfermedades de las cabras incrementa su reputación como una guía de referencia manejable e inestimable para veterinarios y todos aquellos implicados en la salud de las cabras.
534 _pTítulo original: Diseases of goat, 4a. ed.
650 1 3 _9137331
_aCabras
650 1 7 _9143023
_aCabras Enfermedades
650 1 3 _9137478
_aMedicina veterinaria
700 1 _9188182
_aGarcía Sánchez, Jesús
_etraductor
942 _2ddc
942 _2ddc
942 _2ddc
942 _2ddc
942 _2ddc
942 _2ddc
942 _2ddc
942 _2ddc
942 _cLIBRO
999 _c219299
_d219299